Guatemala y Costa Rica: sus políticas culturales
Gardado en:
| Autor Principal: | |
|---|---|
| Formato: | Desconocido |
| Publicado: |
San José, Costa Rica:
Editorial de la Universidad de Costa Rica,
|
| Materias: | |
| Etiquetas: |
Engadir etiqueta
Sen Etiquetas, Sexa o primeiro en etiquetar este rexistro!
|
MARC
| LEADER | 000000000a22000000004500 | ||
|---|---|---|---|
| 001 | 000912 | ||
| 041 | 0 | |a español | |
| 100 | 1 | |a Cuevas Molina, Rafael, 1954- | |
| 245 | 1 | 0 | |a Guatemala y Costa Rica: sus políticas culturales |
| 260 | |a San José, Costa Rica: |b Editorial de la Universidad de Costa Rica, | ||
| 310 | |a trimestral | ||
| 650 | 4 | |a COSTA RICA | |
| 650 | 4 | |a GUATEMALA | |
| 650 | 4 | |a ESTADO | |
| 650 | 4 | |a SOCIEDAD CIVIL | |
| 773 | 0 | |t Anuario de Estudios Centroamericanos | |
| 773 | 0 | |g 18 | |
| 773 | 0 | |g 2 | |
| 773 | 0 | |g 1992 | |
| 773 | 0 | |g 14 | |
| 999 | |c 953 |d 953 | ||
